1199 1720 1127 1931 1780 1401 1241 1301 1333 1228 1478 1397 1541 1298 1976 1076 1873 1224 1479 1414 1805 1622 1263 1980 1953 1460 1463 1175 1768 1946 1777 1919 1818 1650 1298 1555 1881 1148 1099 1741 1336 1482 1058 1803 1130 1569 1771 1557 1630 1885 1271 1031 1616 1296 1308 1768 1237 1443 1907 1121 1996 1944 1177 1354 1708 1736 1678 1131 1947 1009 1464 1899 1027 1999 1588 1971 1811 1349 1416 1796 1942 1103 1297 1913 1663 1498 1699 1830 1738 1660 1948 1909 1546 1746 1961 1084 1072 1520 1423 BCNSPRNW ULIB Ver.6.0+V

เปลี่ยนเป็นภาษาไทย

Change to English
 แสดงรายละเอียดบรรณานุกรม
  กลับหน้าหลัก

Brief Record : Get Marc (ISO 2709) : E-mail record : QR code < ปิดหน้าต่าง
LEADER : 00000nam 2200000uu 4500
001    13399120549
003     ULIB
008    120927s2546||||th 000 0 tha d
020    ^a9749593553
060  4 ^aWX153^bน779 2546
110 1  ^aสถาบันพัฒนาและรับรองคุณภาพโรงพยาบาล
245 00 ^aBest Practices in Patient Safety/^cสถาบันพัฒนาและรับรองคุณภาพโรงพยาบาล
250    ^aพิมพ์ครั้งที่ 1
260    ^aกรุงเทพฯ:^bสถาบันพัฒนาและรับรองคุณภาพโรงพยาบาล,^c2546
300    ^a294
650  7 ^aบริการทางการแพทย์
650  7 ^aโรงพยาบาล^xการบริหาร
945    ^p295^l0^i13878
995    ^aวิภา
999 ^a ใช้งานได้ทุกระบบ
รายการนี้ยังไม่มีแท็ก
คุณยังไม่ได้ล็อกอิน คุณสามารถมีกิจกรรมร่วมกับเว็บไซต์ได้ แต่ต้องล็อกอินก่อน ::
  ล็อกอิน

รายการสื่อสารสนเทศ

ลำดับที่ ประเภท เลขเรียก/บาร์โค้ด สถานที่ สถานะ
1. วิทยาศาสตร์การแพทย์ และสุขภาพ
วิทยาศาสตร์การแพทย์ และสุขภาพ
WX153 น779 2546  
  Barcode: 13878
ห้องสมุดวิทยาเขตสวรรค์ประชารักษ์
►หนังสือทั่วไป
บนชั้น

รายการใกล้เคียง
    หัวเรื่อง [บริการทางการแพทย์]

BibComment


ยังไม่เคยถูกคอมเมนท์

คอมเมนท์ทรัพยากรรายการนี้
  คอมเมนท์: Best Practices i..


 Copyright 2026. Bcnsprnw @Library